Statistics for All districts hermitcraft s8

Click here to take the quiz!

General Stats

  • This quiz has been taken 77 times
  • The average score is 3 of 8

Answer Stats

HintAnswer% Correct
mountainboatem
97%
cogsworthbig eyes crew
52%
octochunkoctagon
50%
Lumpswamp lump
23%
headhorse head farms
21%
evilevil empire
18%
no wingsshattered savannah
11%
castlehohenzollern castle
6%

Score Distribution

Percentile by Number Answered

Percent of People with Each Score

Your Score History

You have not taken this quiz